|
|
|
|
| LEADER |
01151nam a2200289Ia 4500 |
| 001 |
TVU_32026 |
| 008 |
210423s9999 xx 000 0 und d |
| 041 |
|
|
|a Vie
|
| 082 |
|
|
|a 332.1753
|
| 082 |
|
|
|b Ph500
|
| 100 |
|
|
|a Tạ, Minh Phú
|
| 245 |
|
0 |
|a Phân tích các yếu tố ảnh hưởng đến ý định vay vốn của khách hàng cá nhân tại Ngân hàng Thương mại cổ phần Công thương Việt Nam chi nhánh Trà Vinh
|
| 245 |
|
0 |
|b Luận văn thạc sĩ. Chuyên ngành: Tài chính - Ngân hàng. Mã ngành: 8340201
|
| 245 |
|
0 |
|c Tạ Minh Phú ; Lê Thị Thu Diềm (hướng dẫn khoa học)
|
| 260 |
|
|
|a Trà Vinh
|
| 260 |
|
|
|b Trường Đại học Trà Vinh
|
| 260 |
|
|
|c 2019
|
| 300 |
|
|
|a ix, 86,18 tr.
|
| 300 |
|
|
|b minh họa
|
| 300 |
|
|
|c 30 cm
|
| 504 |
|
|
|a Thư mục: tr.83-86
|
| 650 |
|
|
|a Ngân hàng và nghiệp vụ ngân hàng; Vay ngân hàng
|
| 700 |
|
|
|a Tạ Minh Phú; Lê Thị Thu Diềm
|
| 700 |
|
|
|e hướng dẫn khoa học
|
| 710 |
|
|
|a Ủy ban Nhân dân tỉnh Trà Vinh
|
| 710 |
|
|
|b Trường Đại học Trà Vinh
|
| 980 |
|
|
|a Trung tâm Học liệu Trường Đại học Trà Vinh
|